[Event "Pforzheim op"]
[Site "Pforzheim"]
[Date "2005.11.01"]
[Round "7"]
[White "Nuerenberg, Christian"]
[Black "Juhl, Jens"]
[Result "0-1"]
[WhiteElo "1076"]
[BlackElo "790"]
[PlyCount "70"]
[EventDate "2005.10.29"]
[EventType "swiss"]
[EventRounds "7"]
[EventCountry "GER"]
[SourceTitle "EXT 2007"]
[Source "ChessBase"]
[SourceDate "2006.11.23"]
[SourceVersion "1"]
[SourceVersionDate "2006.11.23"]
[SourceQuality "1"]

1. e4 e5 2. Nf3 Nc6 3. Bc4 Bc5 4. 0-0 Nf6 5. d3 0-0 6. Bg5 h6 7. Bxf6 Qxf6 8. Nc3 Nd4 9. Nxd4 Bxd4 10. Nd5 Qd6 11. c3 c6 12. Nb4 Bc5 13. a3 b5 14. Bb3 Qg6 15. c4 Bxb4 16. axb4 d5 17. cxd5 Bh3 18. Qf3 Bg4 19. Qg3 Be2 20. Qxg6 fxg6 21. dxc6+ Kh7 22. Rfe1 Bxd3 23. Bd5 Rac8 24. Rxa7 Bc4 25. Bxc4 bxc4 26. b5 Rb8 27. Rd1 Rxb5 28. Rad7 Rc8 29. c7 Rxb2 30. h3 c3 31. Ra1 c2 32. Rc1 Rb1 33. Rd2 Rxc1+ 34. Kh2 Rh1+ 35. Kxh1 c1Q+ 0-1

[Event "Pforzheim op"]
[Site "Pforzheim"]
[Date "2005.10.31"]
[Round "4"]
[White "Erhard, Patrick"]
[Black "Nuerenberg, Christian"]
[Result "0-1"]
[WhiteElo "1486"]
[BlackElo "1076"]
[PlyCount "66"]
[EventDate "2005.10.29"]
[EventType "swiss"]
[EventRounds "7"]
[EventCountry "GER"]
[SourceTitle "EXT 2007"]
[Source "ChessBase"]
[SourceDate "2006.11.23"]
[SourceVersion "1"]
[SourceVersionDate "2006.11.23"]
[SourceQuality "1"]

1. e4 e5 2. Nf3 Nc6 3. Bb5 a6 4. Ba4 Nf6 5. d3 Bc5 6. Bxc6 bxc6 7. Nxe5 Bd4 8. Nf3 Ng4 9. Nxd4 Qf6 10. Nf3 0-0 11. 0-0 d5 12. Bg5 Qxb2 13. Nbd2 h6 14. Bf4 dxe4 15. Nxe4 f5 16. Ng3 Qb4 17. Bxc7 Bb7 18. Rb1 Qe7 19. Bb6 c5 20. h3 f4 21. Ne4 Ne5 22. Bxc5 Nxf3+ 23. gxf3 Qh4 24. Bxf8 Bc8 25. Bd6 Bxh3 26. Re1 Re8 27. Qd2 Rxe4 28. Qa5 Ra4 29. Rb8+ Kh7 30. Qc5 Rxa2 31. Ree8 Ra1+ 32. Kh2 Bd7+ 33. Kg2 Qh3# 0-1